ARBOVIRUSES IN THE IBERIAN PENINSULA

Bibliographic Details
Main Authors: Armindo Filipe, R. (Author), Rebelo De Andrade, H. (Author)
Format: Article
Language:English

MARC

LEADER 00000nab a2200000uu 4500
001 vtls011455408
003 SK-MaSNL
005 20260303182650.0
008 230222|1990 xo |||||||||||||||||eng|
015 |a SNBRB 
035 |a (urnnbn)urn:nbn:sk:snk:ar-a07s2o 
035 |a (uuid)5f4548f5-e65c-4865-8f2f-d9198d2e953e 
035 |a urn:nbn:sk:snk-abcqgn 
040 |a SNKBUCL  |b slo  |c SNKBUCL  |e AACR2 
041 0 |a eng 
044 |a xo  |c SK 
100 1 |a Armindo Filipe, R.  |4 aut  |9 1210827 
245 1 0 |a ARBOVIRUSES IN THE IBERIAN PENINSULA  |c Armindo R. Filipe, H. Rebelo De Andrade 
700 1 |a Rebelo De Andrade, H.  |4 aut  |9 1210825 
773 0 |t Acta virologica  |g Roč. 34, č. 6 (1990), s. 582-591 
958 |a OND 
958 |a EUIPO 
958 |a article16 
999 |c 2117784  |d 2119714